| 000 | 01138cam a22003377i 4500 | ||
|---|---|---|---|
| 001 | 17803119 | ||
| 003 | OSt | ||
| 005 | 20241021112328.0 | ||
| 008 | 130708s2013 ii a 000 1 mal | ||
| 010 | _a 2013331842 | ||
| 020 | _a9788126441020 | ||
| 025 | _aI-Mal-2013-331842; 09 | ||
| 037 | _aLibrary of Congress -- New Delhi Overseas Office | ||
| 040 |
_aDLC _beng _cDLC _erda _dDLC |
||
| 042 | _alcode | ||
| 050 | 0 | 0 |
_aMLCSA 2013/01367 (P) _aPL4718.9.S573 |
| 082 |
_a894.8123 _bSIV/T |
||
| 100 | 1 |
_aŚivaśaṅkar, Rājīv _eauthor. _99780 |
|
| 245 | 1 | 0 |
_aTamōvēdaṃ / _cRājīv Śivaśaṅkar = Thamovedam / Rajeev Sivasankar. |
| 246 | 3 | 1 | _aThamovedam |
| 264 | 1 |
_aKottayam : _bḌi. Si. Buks, _c2013. |
|
| 300 |
_a230 pages : _billustrations ; _c21 cm |
||
| 336 |
_atext _2rdacontent |
||
| 337 |
_aunmediated _2rdamedia |
||
| 338 |
_avolume _2rdacarrier |
||
| 500 | _aNovel. | ||
| 546 | _aIn Malayalam. | ||
| 906 |
_a7 _bcbc _corigode _d4 _encip _f20 _gy-gencatlg |
||
| 942 |
_2ddc _cBK _h894.8123 _iSIV/T _k894.8123 _mSIV/T |
||
| 999 |
_c42926 _d42926 |
||